000 00496nam a2200181Ia 4500
005 20260429112035.0
008 260429s9999||||xx |||||||||||||| ||und||
020 _a9781804899212
041 _aEnglish
082 _a150
_bCUM
100 _aCummings, Cecilia
245 0 _aExploring psychology /
_cCecilia Cummings
260 _aUnited Kingdom :
_bBrilliant Publication Ltd. ,
_c2026.
300 _aviii, 256 p.; hb
650 _a Behavioral sciences
650 _aPsychology
942 _cTB
999 _c52033
_d52033